000 00236nam a22000977a 4500
003 SGT
245 _a(Journal of Indian Society of Pedodontics and Preventive Dentistry JISPPD)
260 _c2005,2008
300 _a180,202
942 _2ddc
_cBV
999 _c30227
_d30227